[Event "Pardubice rapid op 35th"]
[Site "Pardubice"]
[Date "2024.07.18"]
[Round "4"]
[White "Alexikov, Alexander"]
[Black "Rous, Dominik"]
[Result "0-1"]
[WhiteElo "2183"]
[BlackElo "1719"]
[PlyCount "89"]
[EventDate "2024.07.17"]
[EventType "swiss (rapid)"]
[EventRounds "9"]
[EventCountry "CZE"]
[SourceTitle "CBM 221 Extra"]
[Source "ChessBase"]
[SourceDate "2024.09.30"]
[SourceVersion "1"]
[SourceVersionDate "2024.09.30"]
[SourceQuality "1"]

1. e4 c5 2. Nf3 Nc6 3. d4 cxd4 4. Nxd4 d6 5. c4 Nf6 6. Nc3 g6 7. Be2 Bg7 8. Be3 Bd7 9. 0-0 0-0 10. Rc1 Nxd4 11. Bxd4 Bc6 12. f3 Rc8 13. Qd2 a6 14. Rfd1 Nd7 15. Be3 Qa5 16. Nd5 Qd8 17. Nc3 Qa5 18. b4 Qxb4 19. Nd5 Qxd2 20. Nxe7+ Kh8 21. Rxd2 Rc7 22. Rxd6 Bb2 23. Rc2 Ba3 24. c5 Ba4 25. Bd4+ f6 26. Rc4 Bb5 27. Nd5 Rcc8 28. Rc2 Bxc5 29. Rxc5 Nxc5 30. Bxb5 axb5 31. Bxf6+ Kg8 32. Ne7+ Kf7 33. Nxc8 Rxc8 34. e5 Rc6 35. Rd8 Ra6 36. Rd2 b4 37. g4 Ke6 38. Kg2 Nd7 39. Bg7 Nc5 40. Kg3 Na4 41. Rd4 Nc3 42. Rxb4 Ne2+ 43. Kh4 Ng1 44. Rb3 Rxa2 45. Rb6+ 0-1

[Event "Ricany op"]
[Site "Ricany"]
[Date "2024.07.05"]
[Round "8"]
[White "Rous, Dominik"]
[Black "Rossler, Erik"]
[Result "0-1"]
[WhiteElo "1719"]
[BlackElo "1797"]
[PlyCount "88"]
[EventDate "2024.06.29"]
[EventType "swiss"]
[EventRounds "9"]
[EventCountry "CZE"]
[SourceTitle "CBM 221 Extra"]
[Source "ChessBase"]
[SourceDate "2024.09.30"]
[SourceVersion "1"]
[SourceVersionDate "2024.09.30"]
[SourceQuality "1"]

1. b3 d5 2. Bb2 e6 3. e3 Nf6 4. Nf3 Be7 5. d4 b6 6. c4 c5 7. Nbd2 Bb7 8. Be2 Nbd7 9. 0-0 0-0 10. Rc1 Rc8 11. h3 Qc7 12. Qc2 Rfd8 13. Bd3 Nf8 14. Ne5 Ng6 15. f4 cxd4 16. Bxd4 Bc5 17. Ndf3 Bxd4 18. Nxd4 Nxe5 19. fxe5 Qxe5 20. Qf2 Rd7 21. Nf3 Qd6 22. Nd4 dxc4 23. Rxc4 Rxc4 24. Bxc4 Ne4 25. Qh4 Bd5 26. Bd3 Qg3 27. Qxg3 Nxg3 28. Rc1 g6 29. Bb5 Re7 30. Ba6 Kg7 31. Rc8 Bb7 32. Bxb7 Rxb7 33. Ra8 Nf5 34. Nb5 Nxe3 35. Rxa7 Rxa7 36. Nxa7 Kf8 37. a4 Nd5 38. Kf2 Ke8 39. Nb5 Kd7 40. Kf3 Kc6 41. Ke4 Kc5 42. Na7 Kb4 43. Nc6+ Kxb3 44. a5 bxa5 0-1

[Event "Ricany op"]
[Site "Ricany"]
[Date "2024.07.01"]
[Round "4"]
[White "Rous, Dominik"]
[Black "Cervenka, Petr"]
[Result "1-0"]
[WhiteElo "1719"]
[BlackElo "1874"]
[PlyCount "80"]
[EventDate "2024.06.29"]
[EventType "swiss"]
[EventRounds "9"]
[EventCountry "CZE"]
[SourceTitle "CBM 221 Extra"]
[Source "ChessBase"]
[SourceDate "2024.09.30"]
[SourceVersion "1"]
[SourceVersionDate "2024.09.30"]
[SourceQuality "1"]

1. b3 e6 2. Bb2 f5 3. e3 Nf6 4. c4 Be7 5. Nf3 0-0 6. Qc2 d6 7. Be2 Qe8 8. d4 Nc6 9. Nbd2 Bd7 10. h3 Nb4 11. Qc3 a5 12. a3 Ne4 13. Nxe4 fxe4 14. Nd2 Qg6 15. axb4 Rxf2 16. Kxf2 Bh4+ 17. Kg1 Rf8 18. Rf1 d5 19. Rxf8+ Kxf8 20. Nf3 exf3 21. Bxf3 Qg3 22. Qd2 c6 23. bxa5 Be8 24. Qe2 Bg6 25. Qf1 Ke8 26. Bc1 Bc2 27. cxd5 exd5 28. b4 Bd3 29. Be2 Be4 30. Bd2 Be7 31. Qf2 Qg6 32. Bf3 Bd3 33. g3 Bd8 34. Kg2 h5 35. g4 Bc7 36. Qh4 Qe6 37. Qxh5+ Kf8 38. Be1 Qe7 39. Bf2 Be4 40. g5 g6 1-0

[Event "Ricany op"]
[Site "Ricany"]
[Date "2024.06.30"]
[Round "3"]
[White "Rubin, Andrej"]
[Black "Rous, Dominik"]
[Result "1/2-1/2"]
[WhiteElo "1853"]
[BlackElo "1719"]
[PlyCount "46"]
[EventDate "2024.06.29"]
[EventType "swiss"]
[EventRounds "9"]
[EventCountry "CZE"]
[SourceTitle "CBM 221 Extra"]
[Source "ChessBase"]
[SourceDate "2024.09.30"]
[SourceVersion "1"]
[SourceVersionDate "2024.09.30"]
[SourceQuality "1"]

1. e4 d6 2. d4 g6 3. Nc3 Bg7 4. Be3 Nf6 5. Qd2 c6 6. a4 Nbd7 7. h3 Qc7 8. Bh6 0-0 9. Nf3 e5 10. 0-0-0 exd4 11. Nxd4 Nc5 12. f3 Rd8 13. h4 d5 14. b4 Ne6 15. Nxe6 Bxe6 16. Bxg7 Kxg7 17. exd5 Bxd5 18. Bd3 Bc4 19. h5 Bxd3 20. cxd3 Qd6 21. hxg6 fxg6 22. Ne4 Qd4 23. Qh6+ Kf7 1/2-1/2

[Event "Ricany op"]
[Site "Ricany"]
[Date "2024.06.29"]
[Round "1"]
[White "Voracek, Zdenek"]
[Black "Rous, Dominik"]
[Result "1-0"]
[WhiteElo "1914"]
[BlackElo "1719"]
[PlyCount "93"]
[EventDate "2024.06.29"]
[EventType "swiss"]
[EventRounds "9"]
[EventCountry "CZE"]
[SourceTitle "CBM 221 Extra"]
[Source "ChessBase"]
[SourceDate "2024.09.30"]
[SourceVersion "1"]
[SourceVersionDate "2024.09.30"]
[SourceQuality "1"]

1. d4 d6 2. c4 g6 3. Nc3 Nf6 4. e4 Bg7 5. f3 0-0 6. Be3 c6 7. Bd3 Re8 8. Nge2 e5 9. 0-0 Nbd7 10. Qd2 Qc7 11. Rad1 exd4 12. Nxd4 Ne5 13. Be2 Be6 14. b3 Rad8 15. Bg5 d5 16. cxd5 cxd5 17. Ndb5 Qb6+ 18. Be3 Qa5 19. Nxd5 Qxd2 20. Nxf6+ Bxf6 21. Bxd2 Nc6 22. Be3 a6 23. Nc7 Rxd1 24. Rxd1 Rd8 25. Rxd8+ Bxd8 26. Nxe6 fxe6 27. Kf2 Bf6 28. f4 Kf7 29. e5 Be7 30. Bf3 Ke8 31. Ke2 Kd7 32. g3 Kc7 33. Be4 Nb4 34. a4 Nd5 35. Bd2 Kc6 36. h4 Kc5 37. h5 gxh5 38. Bxh7 Kd4 39. Bg8 h4 40. gxh4 Ke4 41. Bh7+ Kd4 42. h5 Bf8 43. Kf3 Bh6 44. Bg6 b5 45. axb5 axb5 46. Be4 Nc3 47. Be3# 1-0

[Event "Prague Golden Blitz op 19th"]
[Site "Prague"]
[Date "2024.06.27"]
[Round "5"]
[White "Rous, Dominik"]
[Black "Aarav, A."]
[Result "0-1"]
[WhiteElo "1963"]
[BlackElo "1817"]
[PlyCount "108"]
[EventDate "2024.06.27"]
[EventType "swiss (blitz)"]
[EventRounds "11"]
[EventCountry "CZE"]
[SourceTitle "EXT 2025"]
[Source "ChessBase"]
[SourceDate "2024.10.14"]
[SourceVersion "1"]
[SourceVersionDate "2024.10.14"]
[SourceQuality "1"]

1. d4 d5 2. Nf3 Nf6 3. Bf4 e6 4. e3 Bd6 5. Bg3 c5 6. c3 Nc6 7. Nbd2 0-0 8. Bd3 b6 9. 0-0 Bb7 10. Re1 Ne7 11. Ne5 Nf5 12. f4 Be7 13. Qf3 Nd6 14. Bh4 Nfe4 15. Bxe7 Qxe7 16. Bxe4 dxe4 17. Qg3 Nf5 18. Qf2 f6 19. Ng4 h5 20. h3 hxg4 21. hxg4 Nd6 22. Qh4 g6 23. Kf2 Qh7 24. Qg3 Kf7 25. Rh1 Qg7 26. f5 Rad8 27. fxe6+ Kxe6 28. dxc5 bxc5 29. Nb3 Qc7 30. Rh3 Rf7 31. Rah1 Nc4 32. Qh4 Ne5 33. Kg1 Rd1+ 34. Kh2 Rxh1+ 35. Kxh1 Qd6 36. Qe1 Nd3 37. Qh4 Qe5 38. Qh8 Nf2+ 39. Kg1 Nxh3+ 40. Qxh3 Rd7 41. Kf2 Kd6 42. Na5 Kc7 43. Nc4 Qe6 44. Qg3+ Kc8 45. Na5 Qe5 46. Qh4 Ba6 47. Qh8+ Rd8 48. Qg7 Rd2+ 49. Ke1 Re2+ 50. Kf1 Rxb2+ 51. Kg1 Rb1+ 52. Kf2 Rb2+ 53. Kg1 Rb1+ 54. Kf2 Rf1# 0-1

[Event "Prague Golden Blitz op 19th"]
[Site "Prague"]
[Date "2024.06.27"]
[Round "9"]
[White "Rous, Dominik"]
[Black "Cervenka, Petr"]
[Result "1-0"]
[WhiteElo "1963"]
[BlackElo "1700"]
[PlyCount "105"]
[EventDate "2024.06.27"]
[EventType "swiss (blitz)"]
[EventRounds "11"]
[EventCountry "CZE"]
[SourceTitle "EXT 2025"]
[Source "ChessBase"]
[SourceDate "2024.10.14"]
[SourceVersion "1"]
[SourceVersionDate "2024.10.14"]
[SourceQuality "1"]

1. d4 e6 2. Nf3 f5 3. Bf4 Nf6 4. e3 d6 5. Nbd2 Be7 6. h3 0-0 7. c3 Nc6 8. Qb3 d5 9. Ne5 Bd6 10. Ndf3 Rb8 11. Bd3 h6 12. Nxc6 bxc6 13. Qxb8 Qd7 14. Bxd6 cxd6 15. Qb3 c5 16. dxc5 dxc5 17. Qb5 Qc7 18. Bc2 Bd7 19. Qe2 Rb8 20. b3 a5 21. 0-0 Ne4 22. Bxe4 fxe4 23. Nd2 a4 24. Rfb1 a3 25. Rd1 Qe5 26. Rac1 Bb5 27. Qg4 Bd3 28. Nf1 Qf6 29. Qf4 Qd8 30. Qe5 Kf7 31. Ng3 Rb7 32. Nxe4 dxe4 33. Qxe4 Rd7 34. Qf3+ Kg8 35. Rd2 e5 36. e4 Bb5 37. Rxd7 Qxd7 38. Rd1 Qe7 39. c4 Be8 40. Qc3 Bh5 41. Rd5 Kh7 42. Qxe5 Qxe5 43. Rxe5 Bg6 44. Rxc5 Bxe4 45. Ra5 g5 46. Rxa3 Bb1 47. Ra6 Kg7 48. a4 Ba2 49. Rb6 h5 50. a5 Kf7 51. a6 g4 52. a7 gxh3 53. a8Q 1-0

[Event "Pardubice rapid op 34th"]
[Site "Pardubice"]
[Date "2023.07.20"]
[Round "8"]
[White "Svoboda, Petr"]
[Black "Rous, Dominik"]
[Result "0-1"]
[WhiteElo "2088"]
[BlackElo "1581"]
[PlyCount "94"]
[EventDate "2023.07.19"]
[EventType "swiss (rapid)"]
[EventRounds "9"]
[EventCountry "CZE"]
[SourceTitle "CBM 215 Extra"]
[Source "ChessBase"]
[SourceDate "2023.09.30"]
[SourceVersion "1"]
[SourceVersionDate "2023.09.30"]
[SourceQuality "1"]

1. Nf3 d5 2. b3 Nf6 3. Bb2 Bf5 4. d3 e6 5. g3 Nbd7 6. Bg2 Be7 7. 0-0 0-0 8. Nbd2 c6 9. Nh4 Bg4 10. h3 Bh5 11. Nhf3 h6 12. Ne5 Nxe5 13. Bxe5 Bd6 14. Bb2 Rc8 15. g4 Bg6 16. e4 Nd7 17. f4 Bc5+ 18. d4 Bb6 19. f5 exf5 20. exf5 Bh7 21. Kh1 Qh4 22. Qf3 Nf6 23. Qf2 Qxf2 24. Rxf2 Bc7 25. Bf3 Bg3 26. Re2 Rfe8 27. Kg2 Rxe2+ 28. Bxe2 Re8 29. Bf3 Bf4 30. Rd1 g6 31. Bc1 gxf5 32. Nf1 Bxc1 33. Rxc1 fxg4 34. hxg4 Be4 35. Kg3 Bxf3 36. Kxf3 Re4 37. Ne3 Rxd4 38. Nf5 Rd2 39. Nxh6+ Kg7 40. Nf5+ Kg6 41. Rh1 d4 42. Kf4 Nd5+ 43. Ke5 f6+ 44. Kd6 Rxc2 45. Nxd4 Rd2 46. Ne6 Nf4+ 47. Ke7 Re2 0-1

[Event "Prague Golden Blitz op"]
[Site "Prague"]
[Date "2023.06.18"]
[Round "6"]
[White "Pribyl, Josef"]
[Black "Rous, Dominik"]
[Result "1-0"]
[WhiteElo "2110"]
[BlackElo "1837"]
[PlyCount "91"]
[EventDate "2023.06.18"]
[EventType "swiss (blitz)"]
[EventRounds "11"]
[EventCountry "CZE"]
[SourceTitle "CBM 215 Extra"]
[Source "ChessBase"]
[SourceDate "2023.09.30"]
[SourceVersion "1"]
[SourceVersionDate "2023.09.30"]
[SourceQuality "1"]

1. e4 c6 2. d4 d5 3. Nc3 dxe4 4. Nxe4 Nf6 5. Nxf6+ gxf6 6. g3 Nd7 7. Bg2 Nb6 8. Ne2 Bg4 9. h3 Bxe2 10. Kxe2 Qd7 11. c3 0-0-0 12. Re1 e5 13. Be3 Qf5 14. Kf1 exd4 15. cxd4 Qb5+ 16. Qe2 Nc4 17. Kg1 Nxb2 18. Qxb5 cxb5 19. Rab1 Nd3 20. Red1 Nb4 21. a3 Na6 22. Rxb5 Rd7 23. Rdb1 Bxa3 24. Bxb7+ Rxb7 25. Rxb7 Bd6 26. Rxa7 Nc7 27. Rc1 Kd7 28. Bf4 Bxf4 29. gxf4 Rg8+ 30. Kf1 Rc8 31. Ke2 Kd6 32. Kf3 Nb5 33. Rxc8 Nxa7 34. Rh8 Nb5 35. Ke4 Nc3+ 36. Kf5 Ke7 37. Rxh7 Ne2 38. d5 Nd4+ 39. Ke4 Nb5 40. Rh8 Nd6+ 41. Kd4 Ne8 42. Rxe8+ Kxe8 43. d6 Kd8 44. Kd5 Kd7 45. h4 f5 46. h5 1-0

[Event "Prague Golden Blitz op 17th"]
[Site "Prague"]
[Date "2022.07.16"]
[Round "7"]
[White "Novak, Petr"]
[Black "Rous, Dominik"]
[Result "0-1"]
[WhiteElo "1303"]
[BlackElo "1684"]
[PlyCount "88"]
[EventDate "2022.07.16"]
[EventType "swiss (blitz)"]
[EventRounds "11"]
[EventCountry "CZE"]
[SourceTitle "CBM 209 Extra"]
[Source "ChessBase"]
[SourceDate "2022.09.30"]
[SourceVersion "1"]
[SourceVersionDate "2022.09.30"]
[SourceQuality "1"]

1. b4 d6 2. Bb2 e5 3. e3 Nf6 4. d4 exd4 5. exd4 Nc6 6. c3 a6 7. a4 Be7 8. Be2 0-0 9. Nf3 Bg4 10. h3 Bh5 11. Nbd2 d5 12. 0-0 Ne4 13. Nxe4 dxe4 14. Nd2 Bg6 15. Bh5 Qd6 16. Re1 Bxh5 17. Qxh5 g6 18. Qg4 f5 19. Qd1 Bf6 20. d5 Nxb4 21. Nc4 Qxd5 22. cxb4 Qxc4 23. Bxf6 Rxf6 24. b5 Rd6 25. Qb1 axb5 26. axb5 Rxa1 27. Qxa1 Qxb5 28. Qa8+ Kf7 29. Qc8 Qd7 30. Qh8 Rd1 31. Qxh7+ Kf6 32. Qh4+ Kg7 33. Rxd1 Qxd1+ 34. Kh2 Qd6+ 35. g3 b5 36. Qg5 c5 37. Qc1 b4 38. Qb2+ Qd4 39. Qa2 c4 40. Kg2 b3 41. Qa4 b2 42. Qb4 Qf6 43. Qb7+ Kh6 44. Qb6 Qxb6 0-1

[Event "Prague Golden Blitz op 17th"]
[Site "Prague"]
[Date "2022.07.16"]
[Round "11"]
[White "Rous, Dominik"]
[Black "Xie, Felix"]
[Result "0-1"]
[WhiteElo "1684"]
[BlackElo "1881"]
[PlyCount "122"]
[EventDate "2022.07.16"]
[EventType "swiss (blitz)"]
[EventRounds "11"]
[EventCountry "CZE"]
[SourceTitle "CBM 209 Extra"]
[Source "ChessBase"]
[SourceDate "2022.09.30"]
[SourceVersion "1"]
[SourceVersionDate "2022.09.30"]
[SourceQuality "1"]

1. d4 Nf6 2. Nf3 d5 3. Bf4 c5 4. e3 Nc6 5. c3 Qb6 6. Qc1 Bf5 7. Nbd2 e6 8. Be2 Be7 9. h3 h6 10. 0-0 0-0 11. dxc5 Bxc5 12. Nd4 Nxd4 13. exd4 Bd6 14. Bxd6 Qxd6 15. Qd1 Rac8 16. Qb3 Rc7 17. Rac1 Rfc8 18. Qb5 a6 19. Qb3 Nd7 20. Nf3 Be4 21. Nd2 Bh7 22. Nf3 Nf6 23. Nd2 b5 24. a3 Nd7 25. Nf3 Nb6 26. Ne5 Nc4 27. Nf3 Be4 28. Bxc4 bxc4 29. Qd1 Rb7 30. Nd2 Bd3 31. Re1 Rxb2 32. Nf3 Rcb8 33. Qa4 Qb6 34. Ne5 Qb5 35. Qd1 Bf5 36. g4 Bh7 37. Qf3 Qb7 38. Qe3 Rb3 39. Ra1 Qc7 40. Qc1 Rc8 41. Re2 Qa5 42. Re3 Qb5 43. Re2 Rb8 44. Qd2 Rb1+ 45. Rxb1 Qxb1+ 46. Kg2 Bd3 47. Re1 Qc2 48. Qxc2 Bxc2 49. Ra1 Rb3 50. Nc6 Rxc3 51. Nb8 a5 52. Nc6 a4 53. Nb4 Be4+ 54. Kh2 Rb3 55. Na6 Rb2 56. Nc5 Rxf2+ 57. Kg1 Rd2 58. Nxa4 Rxd4 59. Nc5 c3 60. a4 c2 61. Nb3 Rd1+ 0-1

[Event "Prague Golden op"]
[Site "Prague"]
[Date "2021.07.16"]
[Round "7"]
[White "Rous, Dominik"]
[Black "Veny, Jaume"]
[Result "1/2-1/2"]
[WhiteElo "1463"]
[BlackElo "1335"]
[PlyCount "97"]
[EventDate "2021.07.10"]
[EventType "swiss"]
[EventRounds "9"]
[EventCountry "CZE"]
[SourceTitle "CBM 203 Extra"]
[Source "ChessBase"]
[SourceDate "2021.09.30"]
[SourceVersion "1"]
[SourceVersionDate "2021.09.30"]
[SourceQuality "1"]

1. d4 d5 2. Nf3 Nf6 3. c4 c5 4. e3 e6 5. Nc3 Nc6 6. cxd5 exd5 7. h3 cxd4 8. Nxd4 Nxd4 9. Qxd4 a6 10. Bd3 Be6 11. Bc2 Rc8 12. 0-0 Bc5 13. Qd1 0-0 14. a3 Ba7 15. Ne2 Qc7 16. Bb3 Rfd8 17. Nd4 Bxd4 18. exd4 Bf5 19. Bd2 Bc2 20. Bxc2 Qxc2 21. Qxc2 Rxc2 22. Bc3 Ne4 23. Rac1 Rxc1 24. Rxc1 h5 25. f3 Nd6 26. Kf2 Nc4 27. Re1 Rd7 28. g4 hxg4 29. hxg4 b5 30. Re8+ Kh7 31. f4 Rc7 32. Rd8 Nxb2 33. Bb4 Nd3+ 34. Ke3 Nxb4 35. axb4 Rc4 36. Rxd5 Rxb4 37. Rf5 a5 38. Rxf7 a4 39. Ra7 Rb3+ 40. Ke4 a3 41. d5 b4 42. d6 Rb1 43. Ra4 Rd1 44. d7 Rxd7 45. Rxb4 Ra7 46. Rb1 a2 47. Ra1 Kg6 48. Ke5 Ra6 49. Kd4 1/2-1/2

[Event "Prague Golden op 13th"]
[Site "Prague"]
[Date "2017.07.05"]
[Round "5"]
[White "Rous, Dominik"]
[Black "Barton, Milan"]
[Result "1/2-1/2"]
[WhiteElo "1148"]
[BlackElo "1823"]
[PlyCount "106"]
[EventDate "2017.07.01"]
[EventType "swiss"]
[EventRounds "9"]
[EventCountry "CZE"]
[SourceTitle "CBM 179 Extra"]
[Source "ChessBase"]
[SourceDate "2017.08.23"]
[SourceVersion "1"]
[SourceVersionDate "2017.08.23"]
[SourceQuality "1"]

1. d4 d5 2. Bf4 Nf6 3. e3 e6 4. c3 Bd6 5. Nd2 Bxf4 6. exf4 Qd6 7. Ngf3 Nbd7 8. Bd3 0-0 9. 0-0 c5 10. Qe2 cxd4 11. Nxd4 a6 12. Rfe1 Qc7 13. Rac1 b5 14. Bb1 Re8 15. b3 Bb7 16. c4 bxc4 17. bxc4 Qxf4 18. N4f3 d4 19. Ne4 Rad8 20. Nxf6+ Nxf6 21. Qd3 Bxf3 22. Qxf3 Qxf3 23. gxf3 d3 24. Red1 d2 25. Rc3 Rd4 26. Rd3 Red8 27. R1xd2 Rxd3 28. Rxd3 Rxd3 29. Bxd3 Nd7 30. Kf1 Nc5 31. Ke2 e5 32. Ke3 g6 33. Be4 f5 34. Bd5+ Kg7 35. f4 Kf6 36. fxe5+ Kxe5 37. f4+ Kd6 38. Kd4 h6 39. h4 Nd7 40. Bf7 Nf8 41. c5+ Ke7 42. c6 Kd6 43. Be8 Ne6+ 44. Kc4 g5 45. hxg5 hxg5 46. fxg5 Nxg5 47. Kb4 f4 48. Ka5 Kc7 49. Kxa6 f3 50. Bh5 f2 51. Be2 Kxc6 52. Bb5+ Kc5 53. Be2 Kb4 1/2-1/2